The Sena story / (Record no. 135307)
[ view plain ]
| 000 -LEADER | |
|---|---|
| fixed length control field | 00742nam a22002297a 4500 |
| 005 - DATE AND TIME OF LATEST TRANSACTION | |
| control field | 20170124110243.0 |
| 010 ## - LIBRARY OF CONGRESS CONTROL NUMBER | |
| LC control number | A-998058 |
| 020 ## - INTERNATIONAL STANDARD BOOK NUMBER | |
| Terms of availability | 250.00 |
| International Standard Book Number | 8176930156 |
| 035 ## - SYSTEM CONTROL NUMBER | |
| System control number | A-998058 |
| 037 ## - SOURCE OF ACQUISITION | |
| Source of stock number/acquisition | Cen Lib/Ret |
| 040 ## - CATALOGING SOURCE | |
| Original cataloging agency | DPL |
| Language of cataloging | EN |
| 082 ## - DEWEY DECIMAL CLASSIFICATION NUMBER | |
| Classification number | 320.55 |
| Item number | PUR |
| 100 ## - MAIN ENTRY--PERSONAL NAME | |
| Personal name | Purandare, Vaibhav |
| 9 (RLIN) | 96082 |
| 245 ## - TITLE STATEMENT | |
| Title | The Sena story / |
| Statement of responsibility, etc | by Vaibhav Purandare |
| 260 ## - PUBLICATION, DISTRIBUTION, ETC. (IMPRINT) | |
| Place of publication, distribution, etc | Mumbai |
| Name of publisher, distributor, etc | Business Publications |
| Date of publication, distribution, etc | 1999 |
| 270 ## - ADDRESS | |
| Address | 229/A 2nd Floor, Krantiveer Rajguru Marg Girgaon |
| City | Mumbai |
| Postal code | 400004 |
| 300 ## - PHYSICAL DESCRIPTION | |
| Extent | xvi,462p. |
| Dimensions | 21cm(pbk) |
| 500 ## - GENERAL NOTE | |
| General note | Includes bibliographical references and index |
| 650 ## - SUBJECT ADDED ENTRY--TOPICAL TERM | |
| Topical term or geographic name as entry element | Shiv Sena -- History -- 20th century. |
| 9 (RLIN) | 96083 |
| 650 ## - SUBJECT ADDED ENTRY--TOPICAL TERM | |
| Topical term or geographic name as entry element | Shiv Sena |
| 9 (RLIN) | 96084 |
| 942 ## - ADDED ENTRY ELEMENTS (KOHA) | |
| Source of classification or shelving scheme | Dewey Decimal Classification |
| Koha item type | English Books |
| Classification part | 320.55 |
| Call number suffix | PUR |
| Withdrawn status | Lost status | Damaged status | Not for loan | Home library | Current library | Date acquired | Source of acquisition | Cost, normal purchase price | Total Checkouts | Full call number | Barcode | Date last seen | Copy number | Cost, replacement price | Price effective from | Koha item type |
|---|---|---|---|---|---|---|---|---|---|---|---|---|---|---|---|---|
| Central Library | Central Library | 05/10/2015 | Cen Lib/Ret | 250.00 | 320.55 PUR | A-998058 | 05/10/2015 | 1 | 250.00 | 05/10/2015 | English Books |
